42 questions sur la France - Statistiques

Statistiques générales
  • Ce quiz a été pris 749 fois
  • Le résultat moyen est 24 sur 42
Statistiques - réponses
% Correct
Monnaie Euro
100%
Capitale Paris
100%
Région la plus peuplée en France métropolitaine Ile de France
90%
Continent Europe
87%
Président Emmanuel Macron
86%
Animal de compagnie le plus répandu en France Chien
84%
Sport le plus pratiqué Football
84%
Religion la plus pratiquée Catholicisme
83%
Mer au sud de la France Mer Méditerranée
75%
Océan bordant la France Océan Atlantique
75%
Pays le plus visité par les français Espagne
70%
Seconde langue la plus parlée en France Anglais
68%
Mer au nord ouest de la France Manche
68%
Mer au nord de la France Mer du Nord
63%
Plus grand stade français Stade de France
63%
Pays d'où provient le plus de touristes en France Royaume-Uni
62%
Nombre de régions sur le territoire français 13
61%
Nombre de régions ultramarine 5
59%
Région la plus vaste en France métropolitaine Nouvelle Aquitaine
59%
Prénom masculin le plus donné en France depuis 1946 Jean
57%
Première Division de France de Football Ligue 1 Conforama
56%
Région ultramarine la plus peuplée La Réunion
55%
Prénom féminin le plus donné en France depuis 1946 Marie
55%
Pays hors Europe d'où provient le plus de touristes en France Etats-Unis
54%
Pays le plus visité par les français hors Europe Etats-Unis
54%
Nom de famille le plus porté en France Martin
54%
Région la plus petite en superficie en France métropolitaine Corse
48%
Région ultramarine la plus vaste Guyane
48%
Préfecture la plus grande de France (hors Paris) Marseille (Bouches du Rhône)
48%
Région la moins peuplée en France métropolitaine Corse
45%
Région ultramarine la moins peuplée Guyane
43%
Région ultramarine la plus petite en superficie Mayotte
42%
Pays le plus éloigné de la France Nouvelle-Zélande
41%
Première Division de France de Rugby Top 14
39%
Population (à un million près) 67 186 640
37%
Aliment le plus consommé en France Les pâtes
37%
Département le plus grand de la France métropolitaine en superficie Gironde
32%
Plus grosse entreprise française TOTAL
22%
Première Division de France de Basket Ball Pro A
20%
Ville avec le plus fort taux de criminalité Saint-Denis
20%
Département le plus petit de la France métropolitaine en superficie (excepté la ville de Paris) Hauts de Seine
19%
Préfecture la plus petite de France Privas (Ardèche)
12%
Aucun quiz correspondant
Distribution des résultats
% des personnes avec chaque résultat
Percentile par nombre de réponses
Votre historique - résultats
Vous n’avez pas pris ce quiz